000 00599nam a2200169 i 4500
001 133505
003 ES-MaACL
005 20230906194430.0
007 t|
008 070817s1918 sp ||||1| spa d
100 1 _aAlba, Renato de.
_919195
245 1 0 _aSuplemento de todos los diccionarios enciclopédicos españoles publicados hasta el día /
_cpor Renato de Alba con un prólogo de Pascual Martínez Abellán.
260 _aBarcelona :
_b[s.n.],
_c1918 (
_fEugenio Subirana)
300 _aIX, 414 p. ;
_c18 cm.
700 1 _aMartínez Abellán, Pascual.
_977817
852 _aES-MaACL
_jF-11253
999 _c133505
_d133505